উন্নয়ন ও স্ব-ক্ষমতা / (Record no. 38941)
[ view plain ]
| 000 -LEADER | |
|---|---|
| fixed length control field | 01237nam a2200277 a 4500 |
| 001 - CONTROL NUMBER | |
| control field | 38941 |
| 003 - CONTROL NUMBER IDENTIFIER | |
| rucl marc code | BD-RjUL |
| 005 - DATE AND TIME OF LATEST TRANSACTION | |
| control field | 20211209052904.0 |
| 008 - FIXED-LENGTH DATA ELEMENTS--GENERAL INFORMATION | |
| fixed length control field | 160424r20142004ii a|||| |||| 001 0 ben d |
| 020 ## - INTERNATIONAL STANDARD BOOK NUMBER | |
| International Standard Book Number | 8177564242 |
| Terms of availability | : Tk. 400.00 |
| 035 ## - SYSTEM CONTROL NUMBER | |
| System control number | (BD-RjUL) 39051 |
| 040 ## - CATALOGING SOURCE | |
| Original cataloging agency | BD-RjUL |
| Language of cataloging | ben |
| Transcribing agency | BD-RjUL |
| 041 ## - LANGUAGE CODE | |
| Language code of text/sound track or separate title | ben |
| 082 ## - DEWEY DECIMAL CLASSIFICATION NUMBER | |
| Edition number | 23 |
| Classification number | 338.9 |
| Author mark and year | SEU 2014 |
| 100 ## - MAIN ENTRY--PERSONAL NAME | |
| Personal name | সেন, অমর্ত্য |
| 9 (RLIN) | 119883 |
| 245 10 - TITLE STATEMENT | |
| Title | উন্নয়ন ও স্ব-ক্ষমতা / |
| Statement of responsibility, etc. | অমর্ত্য সেন ; অনুবাদক : অরববিন্দ রায় |
| 250 ## - EDITION STATEMENT | |
| Edition statement | ১ম সং. |
| 260 ## - PUBLICATION, DISTRIBUTION, ETC. (IMPRINT) | |
| Place of publication, distribution, etc. | কলকাতা : |
| Name of publisher, distributor, etc. | আনন্দ পাবলিশার্স প্রাইভেট লিমিটেড, |
| Date of publication, distribution, etc. | ২০১৪ |
| 300 ## - PHYSICAL DESCRIPTION | |
| Pagination | ৩৫৫ পৃ. : |
| Illustrations | চিত্র ; |
| Size | ২২ সেমি. |
| 500 ## - GENERAL NOTE | |
| General note | অর্থনীতিতে নোবেল পুরস্কারে সম্মানিত |
| 504 ## - BIBLIOGRAPHY, ETC. NOTE | |
| Bibliography, etc | নির্ঘণ্ট সংযুক্ত |
| 650 ## - SUBJECT ADDED ENTRY--TOPICAL TERM | |
| Topical term or geographic name as entry element | অর্থনৈতিক উন্নয়ন |
| 9 (RLIN) | 120219 |
| Topical term or geographic name as entry element | Economic development |
| 9 (RLIN) | 120221 |
| 700 ## - ADDED ENTRY--PERSONAL NAME | |
| Personal name | রায়, অরববিন্দ, অনুবাদক |
| 942 ## - ADDED ENTRY ELEMENTS (KOHA) | |
| Source of classification or shelving scheme | Dewey Decimal Classification |
| Koha item type | Books |
| Lost status | Source of classification or shelving scheme | Damaged status | Not for loan | Collection code | Permanent Location | Current Location | Shelving location | Date acquired | Source of acquisition | Cost, normal purchase price | Total Checkouts | Full call number | Date last seen | Copy number | Koha item type | Date checked out |
|---|---|---|---|---|---|---|---|---|---|---|---|---|---|---|---|---|
| Dewey Decimal Classification | Not For Loan | Non-fiction | Central Library, University of Rajshahi | Central Library, University of Rajshahi | Reading Room | 23/06/2015 | Batighar, Chittagong | 400.00 | B 338.9 SEU 2014 | 23/03/2016 | C-1 | Books | ||||
| Dewey Decimal Classification | Non-fiction | Central Library, University of Rajshahi | Central Library, University of Rajshahi | 23/06/2015 | Batighar, Chittagong | 400.00 | 1 | B 338.9 SEU 2014 | 23/09/2024 | C-2 | Books | 06/06/2024 |